000 00532nam a22002177a 4500
003 UA-OsUOA
001 47347
007 ta
008 20070716b un ||||| |||| 00| 0 ukr d
100 _aСтрежнева М.
090 _a32
_bС-12
942 _cSA
040 _aUA-OsUOA
_brus
_cUA-OsUOA
_dUA-OsUOA
245 _aУсловия партнерства с Европейским союзом
300 _aС.3-14
955 _a0
041 _arus
080 _a32
773 0 _w47345
650 7 _a32 Політика
_2UDC
999 _c333444
_d333444